000171125 001__ 171125
000171125 005__ 20260512112620.0
000171125 020__ $$a978-84-1085-433-8
000171125 037__ $$aBOOK-2026-285
000171125 041__ $$aspa
000171125 100__ $$aGimeno Feliu, José María (dir.)$$b
000171125 245__ $$aObservatorio de los contratos públicos 2024
000171125 260__ $$aLas Rozas (Madrid)$$bAranzadi La Ley$$c2025
000171125 300__ $$a642
000171125 500__ $$aEnlace a la editorial: https://www.aranzadilaley.es/tienda/observatorio-de-los-contratos-publicos-2024.
000171125 506__ $$aall-rights-reserved
000171125 520__ $$aLa obra se estructura en cuatro bloques temáticos que abordan, desde una perspectiva crítica y prospectiva, los principales desafíos y transformaciones del Derecho de la contratación pública en Europa. El primer bloque analiza el contexto estratégico en el que se enmarca la contratación pública, con especial atención a la evolución normativa de las Directivas europeas y su impacto en las políticas públicas. A continuación, el segundo bloque se centra en los sujetos que intervienen en los procedimientos contractuales, así como en cuestiones clave como la protección de la competencia, la solvencia técnica o la trasposición de nuevas directivas con implicaciones directas sobre el sistema contractual. El tercer bloque profundiza en la dimensión estratégica de la contratación pública, destacando su papel como instrumento de inclusión social, sostenibilidad ambiental y rendición de cuentas. Por último, el cuarto bloque se dedica a aspectos prácticos y casos concretos, poniendo el foco en situaciones reales que permiten comprender las tensiones y soluciones jurídicas que se derivan de la aplicación del Derecho contractual. En su conjunto, esta edición del Observatorio ofrece una visión completa, rigurosa y actualizada de un sector en constante transformación, y se consolida como una referencia imprescindible para estudiosos, operadores jurídicos y responsables públicos.
000171125 540__ $$9info:eu-repo/semantics/openAccess
000171125 700__ $$aGuerrero Manso, María del Carmen de (coord.)$$b
000171125 773__ $$t
000171125 8560_ $$flplumed@unizar.es
000171125 8564_ $$s2934009$$uhttps://zaguan.unizar.es/record/171125/files/BOOK-2026-285.pdf$$zTexto completo
000171125 909CO $$ooai:zaguan.unizar.es:171125$$pbooks
000171125 980__ $$aBOOK$$bMONOGRAFIAS$$b